000 00432nam a2200181Ia 4500
005 20240902110310.0
008 131103s9999 xx 000 0 und d
040 _aLoreto College
041 _aEnglish
082 _a891.43
_bYOG
245 _aB.Ed. digdarshan
_cedited by Jogendra jit
260 _aAgra
_bBinod
_c[19?]
300 _a138p.
650 _aHindi
700 _aJogendra jit; ed.
850 _aLCBED
942 _cBK
999 _c35429
_d85908